Quiz o ziemniakach - Statystyki

Ogólne statystyki
  • Ten quiz został rozwiązany 1 738 razy
  • Średni wynik to 8 z 16
Statystyki odpowiedzi
Wskazówka Odpowiedź % Poprawnych
Tak na ziemniaki mówi się w Wielkopolsce Pyry
93%
Tak na Śląsku mówi się na ziemniaki Kartofle
76%
Minerał o symbolu chemicznym K, w który bogate są ziemniaki Potas
75%
Województwo Polski, w którym uprawia się najwięcej ziemniaków Wielkopolskie
73%
Słowo na literę B odnoszące się do warzyw korzeniowych, takich jak ziemniaki i bataty Bulwa
70%
Popularny napój, zazwyczaj wytwarzany z pszenicy, ale czasami także z ziemniaków Wódka
63%
Województwo Polski, w którym uprawia się najmniej ziemniaków Podlaskie
61%
Pasmo górskie, z którego pierwotnie pochodziły ziemniaki Andy
48%
W tym państwie spożywa się najwięcej ziemniaków Chiny
47%
Kraj, którego danie narodowe „moules-frites” składa się z małży i frytek Belgia
40%
Amerykanie nazywają to "chipsy". Jak nazywają to Brytyjczycy? Crisp
39%
Państwo, które w latach 40. XIX wieku cierpiał z powodu wielkiego głodu ziemniaczanego Irlandia
39%
Część ciała człowieka, którą można znaleźć na kiełkującym ziemniaku Oko
16%
Kanadyjski przysmak składający się z frytek, sosu i sera twarogowego Poutine
16%
Malarz, który namalował "Jedzący kartofle" w 1885 Vincent Van Gogh
15%
Hiszpańskie słowo oznaczające ziemniaka Papa
11%
Nie znaleziono quizów pasujących do podanych kryteriów
Rozkład punktacji
Procent ludzi z każdym wynikiem
Percentyl według liczby udzielonych odpowiedzi
Twoja historia wyników
Nie rozwiązałeś tego quizu